| 000 | 00671nam a2200205Ia 4500 | ||
|---|---|---|---|
| 003 | IN-BaIIA | ||
| 008 | 211028s9999 xx 000 0 eng d | ||
| 020 | _a0-7923-4725-0 | ||
| 040 | _cIIA Library | ||
| 080 |
_a524.83 _bGEO |
||
| 245 | 0 |
_aGeometry, fields and cosmology _btechniques and applications _cedited by B. R. Iyer and C. V. Vishveshwara |
|
| 260 |
_aDordrecht _bKluwer Academic _c1997 |
||
| 300 | _axv, 553p. | ||
| 490 | _aFundamental theories of physics; v. 88 | ||
| 650 | _aCosmology | ||
| 650 |
_aGeometry _91677 |
||
| 700 | _aIyer, B. R., ed. | ||
| 700 |
_aVishveshwara, C. V., ed. _911619 |
||
| 942 | _cBK | ||
| 999 |
_c13109 _d13109 |
||